000 00651nam a22002415i 4500
003 IMU CC
005 20260223113734.0
008 190620s2019 cou 000 0 eng
020 _a9781529718522
040 _aIMU CC
041 0 _aeng
082 0 0 _223
_a153.42
_bCHA
100 _aChatfield, Tom
_eauthor.
_94448
245 1 0 _aCritical thinking:
_byour essential guide /
_cTom Chatfield.
250 _a2nd ed.
260 _aLondon:
_bSAGE Publications,
_c2022.
300 _axi, 370 p.;
_c24 cm.
336 _atext
_btxt
_2rdacontent
650 0 _aBeing reasonable
_94449
650 0 _aCognitive bias
_94450
856 _yBK
942 _cBK
_2ddc
999 _c10331
_d10331